000 00304nam a22001337a 4500
008 171005b xxu||||| |||| 00| 0 eng d
020 _a9781878812742
041 _aeng
080 _a159.9
100 _a49
101 _aPSI
245 _aMIBIMIZING DISRUPPTIVE BEHAVIORS
_cPEREZ.K
942 _2udc
_cBK
999 _c32036
_d32036